000 01335nam a2200325Ia 4500
001 ebr10167482
003 CaPaEBR
006 m u
007 cr cn|||||||||
008 060803s2006 nyu sb 001 0 eng d
020 _z1403974624 (cased) :
020 _z9781403974624 (cased) :
040 _aCaPaEBR
_cCaPaEBR
035 _a(OCoLC)234083870
050 1 4 _aJZ1480
_b.I59 2006eb
082 0 4 _a327.730082
_222
245 0 0 _aInterrogating imperialism
_h[electronic resource] :
_bconversations on gender, race, and war /
_cedited by Naeem Inayatullah and Robin Riley.
260 _aNew York ;
_aBasingstoke :
_bPalgrave Macmillan,
_cc2006.
300 _axii, 254 p.
504 _aIncludes bibliographical references and index.
533 _aElectronic reproduction.
_bPalo Alto, Calif. :
_cebrary,
_d2009.
_nAvailable via World Wide Web.
_nAccess may be limited to ebrary affiliated libraries.
650 0 _aFeminism
_xPolitical aspects.
651 0 _aUnited States
_xForeign relations.
651 0 _aUnited States
_xPolitics and government.
655 7 _aElectronic books.
_2local
700 1 _aInayatullah, Naeem.
700 1 _aRiley, Robin,
_d1952-
710 2 _aebrary, Inc.
856 4 0 _uhttp://site.ebrary.com/lib/rucke/Doc?id=10167482
_zAn electronic book accessible through the World Wide Web; click to view
999 _c247001
_d247001